| 000 | 01538nam a22003617a 4500 | ||
|---|---|---|---|
| 003 | OSt | ||
| 005 | 20230816114309.0 | ||
| 008 | 221006b |||||||| |||| 00| 0 eng d | ||
| 020 | _a1696-6690 | ||
| 040 | _cBiblioteca Lado V | ||
| 082 |
_a700.41 _bR744a |
||
| 100 |
_9525 _aRolando, Carlos _eautor |
||
| 245 |
_aARCO Contemporary art/ _bMirada Retrospectiva | Arco Especial/ |
||
| 260 |
_bFeria Internacional de Arte Contemporáneo _c2004 _aMadrid |
||
| 300 |
_c21x30cm _a217p. |
||
| 490 |
_a39 _v2006 |
||
| 505 |
_tMadrid Arte En Febrero _aMadrid Abierto Fundacion ICO La Casa Encendida Reina Sofia Fundacion Telefonica Conde Duque Circulo de Bellas Artes La Caixa Casa de America Fundacion Canal Isabel II Consejer'ia de Cultura y Deportes |
||
| 505 | _tProyecto Espacial | ||
| 505 | _tGalerÃas Participantes | ||
| 505 |
_tMirades & Quotes _aEntrevista Afinidades Critica Programas Circuitos |
||
| 505 | _tColeccionismo | ||
| 505 | _tForos | ||
| 505 | _tLa Palabra escrita | La Imagen escrita | ||
| 505 |
_tPresencias _aModa Momentos |
||
| 505 | _tLas Noches | ||
| 650 |
_2Tesauro de Arte & Arquitectura _aARTE _9703 |
||
| 650 |
_2Tesauro de Arte & Arquitectura _aNOTICIAS |
||
| 650 |
_2Tesauro de Arte & Arquitectura _aCRITICA |
||
| 650 |
_2Tesauro de Arte & Arquitectura _aAPRECIACION |
||
| 650 |
_2Tesauro de Arte & Arquitectura _aVISIBILIDAD |
||
| 650 |
_2Tesauro de Arte & Arquitectura _aCOLECCIONISMO |
||
| 942 |
_2ddc _c1 _h700.41 _iR744a _n0 |
||
| 999 |
_c4129 _d4129 |
||